| 000 | 01123 a2200241 4500 | ||
|---|---|---|---|
| 999 |
_c10043 _d10043 |
||
| 020 | _a9780072890877 | ||
| 050 | 0 | 0 | _aTD746CRI1998 |
| 100 | 1 | _aCrites, Ron. | |
| 245 | 1 | 0 |
_aSmall and decentralized wastewater management systems / _cRon Crites, George Tchobanoglous. |
| 264 |
_aBoston : _b WCB/McGraw-Hill, _c1998. |
||
| 300 |
_axix, 1084 p. : _bill. ; |
||
| 440 | 0 | _aMcGraw-Hill series in water resources and environmental engineering | |
| 500 | _aincludes index | ||
| 504 | _aIncludes bibliographical references | ||
| 650 | 0 | _aSewage disposal plants. | |
| 650 | 0 | _aAppropriate technology. | |
| 700 | 1 | _aTchobanoglous, George. | |
| 856 | 4 | 2 |
_3Publisher description _uhttp://www.loc.gov/catdir/description/mh023/97043819.html |
| 856 | 4 | 1 |
_3Table of contents _uhttp://www.loc.gov/catdir/toc/mh022/97043819.html |
| 856 | 4 | 2 |
_3Contributor biographical information _uhttp://www.loc.gov/catdir/enhancements/fy0737/97043819-b.html |
| 942 |
_2lcc _cBK _h746 _iCRI _kTD |
||